| 000 | 00849nam a22002777a 4500 | ||
|---|---|---|---|
| 003 | EG-ScBUE | ||
| 005 | 20220208140644.0 | ||
| 008 | 090202s2002 enk f 000 1 eng d | ||
| 020 | _a9780330487382 | ||
| 020 | _a0330487388 | ||
| 040 |
_aEG-ScBUE _beng _erda _cEG-ScBUE _dEG-ScBUE |
||
| 043 | _ae-uk--- | ||
| 082 | 0 | 4 |
_222 _a823.914 _bFOL |
| 100 | 1 |
_aFollett, Ken, _eauthor. |
|
| 245 | 1 | 0 |
_aJackdaws / _cKen Follett. |
| 264 | 1 |
_aLondon : _bPan Books, _c2002. |
|
| 300 |
_a595 pages ; _c25 cm |
||
| 336 |
_2rdacontent _atext _btxt |
||
| 337 |
_2rdamedia _aunmediated _bn |
||
| 338 |
_2rdacarrier _avolume _bnc |
||
| 650 | 7 |
_aWorld War, 1939-1945 _xSecret service _vFiction. _2BUEsh |
|
| 651 | 7 |
_aGreat Britain _xSpecial Operations Executive _vFiction. _2BUEsh |
|
| 653 |
_bHHUUEENN _cFebruary2022 |
||
| 655 |
_vReading book _934232 |
||
| 942 |
_2ddc _cBB |
||
| 999 |
_c10590 _d10590 |
||